000 00299nam a2200121Ia 4500
008 190216s9999||||xx |||||||||||||| ||und||
100 _aJoan Robinson
245 0 _aEssays In The Theory Of Economic Growth
260 _bMacmillan India Ltd
_c1968
300 _a137p
650 _aCommerce
942 _cBK
999 _c3925
_d3925